LEADER 01743nam a2200325 a 4500 001 000000127442 003 CaOOAMICUS 005 20120229104134.0 008 120202s2011 it u000 u ita r 020 $a978-88-217-3634-6 040 $aPUL$bita 082 04$a348.45 245 10$aCodice commentato delle società :$bsocietà di persone, società di capitali, cooperative, consorzi, reati societari, aggiornato con le nuove norme in tema di revisione legale, esercizio dei diritti degli azionisti di società quotate e costituzione delle Spa /$ca cura di G. Bonfante ... [et al.]. 250 $a3. ed. 260 $aMilano :$bIpsoa,$c2011. 300 $aXLV, 3232 p.$c22 cm 490 1 $aCommentari 505 $aContiene riferimenti bibliografici ed indice. 650 4$aDiritto societario.$0(OLS)http://pul/subject/29527 650 4$aDiritto privato$zItalia.$0(OLS)http://pul/subject/1235 700 1 $aBonfante, Guido.$0(OLS)http://pul/name/67885 830 0$aCommentari IPSOA.$0(OLS)http://pul/title/133094 850 $aPUL 852 $aPUL$W1$xSL Diritto e Scienze Sociali 3$y79$m348. 45 COD 2.9$j147891$qDDC 21$B146388$CPULBib$Z2$F146388 $H118965 $82 941 1 $a9 996 $6020$a978-88-217-3634-6$9(OLS)http://pul/number/148778 996 $6082$a348.45$9(OLS)http://pul/classification/373 996 $6245$aCodice commentato delle società :$bsocietà di persone, società di capitali, cooperative, consorzi, reati societari, aggiornato con le nuove norme in tema di revisione legale, esercizio dei diritti degli azionisti di società quotate e costituzione delle Spa$9(OLS)http://pul/title/161023 996 $6260$aMilano :$bIpsoa$9(OLS)http://pul/publisher/67046 LEADER 01794nam a2200397 a 4500 001 000000131342 003 CaOOAMICUS 005 20121115120538.0 008 121115s1987 it u000 u ita r 020 $a88-14-01181-8 040 $aPUL$bita 041 1 $aita$heng 082 04$a364.1 100 1 $aSutherland, Edwin H.$0(OLS)http://pul/name/84391 240 10$aWhite collar crime.$lItaliano.$0(OLS)http://pul/title/165918 245 13$aIl crimine dei colletti bianchi :$bla versione integrale /$cEdwin H. Sutherland ; a cura di Gabrio Forti ; presentazione di Gilbert Geis e Colin Goff. 260 $aMilano :$bGiuffrè,$c1987. 300 $aXIX, 342 p. ;$c23 cm 490 1 $aCriminologia, politica criminale, diritto penale. Sez. 3 ;$v02 504 $aBibliografia in nota. 650 4$aCriminologia$xStudi.$0(OLS)http://pul/subject/26627 650 4$aDiritto penale.$0(OLS)http://pul/subject/1808 700 1 $aForti, Gabrio,$d1953-$0(OLS)http://pul/name/69491 700 1 $aGeis, Gilbert.$0(OLS)http://pul/name/84392 700 1 $aGoff, Colin.$0(OLS)http://pul/name/84393 830 0$aCriminologia, politica criminale, diritto penale.$nSezione 3 ;$v02.$0(OLS)http://pul/title/165917 850 $aPUL 852 $aPUL$W1$xSL Diritto e Scienze Sociali 3$y79$m364. 1 FORGA 1$j151639$qDDC 21$B150535$CPULBib$Z2$F150535 $H121149 $82 941 1 $a9 960 $aPena (diritto)$91808 960 $aPena (diritto)$91808 996 $6020$a88-14-01181-8$9(OLS)http://pul/number/151044 996 $6082$a364.1$9(OLS)http://pul/classification/2405 996 $6245$aIl crimine dei colletti bianchi :$bla versione integrale$9(OLS)http://pul/title/165916 996 $6260$aMilano :$bGiuffrè$9(OLS)http://pul/publisher/48401